Prabandharatnākaraḥ. (Record no. 84798)

MARC details
000 -LEADER
fixed length control field 00625cam a22002411 4500
001 - CONTROL NUMBER
control field sa 68012904
003 - CONTROL NUMBER IDENTIFIER
control field DLC
005 - DATE AND TIME OF LATEST TRANSACTION
control field 20260227112616.0
008 - FIXED-LENGTH DATA ELEMENTS--GENERAL INFORMATION
fixed length control field 900209s1967 ii 000 0 sano
010 ## - LIBRARY OF CONGRESS CONTROL NUMBER
LC control number sa 68012904
035 ## - SYSTEM CONTROL NUMBER
System control number (OCoLC)21028384
040 ## - CATALOGING SOURCE
Original cataloging agency DLC
Transcribing agency WaU
Modifying agency DLC
042 ## - AUTHENTICATION CODE
Authentication code premarc
050 00 - LIBRARY OF CONGRESS CALL NUMBER
Classification number PK551
Item number .S5
100 1# - MAIN ENTRY--PERSONAL NAME
Personal name Shukla, Ramesh Chandra.
245 10 - TITLE STATEMENT
Title Prabandharatnākaraḥ.
260 ## - PUBLICATION, DISTRIBUTION, ETC.
Date of publication, distribution, etc. 1967.
300 ## - PHYSICAL DESCRIPTION
Extent 16, 689 p.
Dimensions 23 cm.
440 #0 - SERIES STATEMENT/ADDED ENTRY--TITLE
Title Vidyabhawan Sanskrit granthamala,
Volume/sequential designation 140
500 ## - GENERAL NOTE
General note Added t. p. in English.
500 ## - GENERAL NOTE
General note In Sanskrit.
650 #0 - SUBJECT ADDED ENTRY--TOPICAL TERM
Topical term or geographic name entry element Sanskrit language
General subdivision Readers.

No items available.

Powered by Koha